| 000 | 00976nam0a22002891 4500 | ||
|---|---|---|---|
| 001 | RU\INFOCOMM_322\NLR\5000099033 | ||
| 005 | 20250613103209.0 | ||
| 035 | _a(NLR Aleph) 009461705 | ||
| 090 |
_a8470951 _c8470951 |
||
| 100 | _a20121210d1986 |||y0rusy50 ca | ||
| 101 | 0 | _ager | |
| 102 | _aRU | ||
| 105 | _ay z ||||| | ||
| 200 | 1 |
_aDas Komitee der Jugendorganisationen der UdSSR _e[Überblick] |
|
| 210 |
_aM. _cAPN-Verl. _d1986 |
||
| 215 |
_a[32] с. _cил., цв. ил., портр. _d16х22 см |
||
| 300 | _aВ вып. дан.: Комитет молодежных организаций СССР | ||
| 601 | 0 | 2 |
_aКомитет молодежных организаций _2nlr_sh1 |
| 620 | _aМосква | ||
| 686 |
_aФ75(2)2 _2rubbk |
||
| 686 |
_aТ3(2)73-386 _2rubbk |
||
| 712 | 0 | 2 |
_aKomitee für der Jugendorganisationen der UdSSR _4570 |
| 801 | 1 |
_aRU _bNLR _c20121210 |
|
| 801 | 0 |
_aRU _bINFOCOMM _gPSBO |
|
| 852 |
_aNLR _jИр75 Д-6/1 |
||
| 942 | _cBOOK | ||
| 980 | _aNB | ||